Champions League and Golden Boot winners - Statistics

General Stats
  • This quiz has been taken 86 times
  • The average score is 17 of 26
Answer Stats
Champions League winning year and team/ Golden Boot league Player % Correct
Barcelona2006, 2009, 2011, 2015 La Liga Lionel Messi
100%
Man United 2008 Real Madrid 2014, 2016, 2017, 2018 Premier League, La Liga Cristiano Ronaldo
99%
Man City2023 Premier League Erling Haaland
93%
Liverpool2019 Premier League Mohamed Salah
93%
Real Madrid2014, 2016, 2017, 2018, 2022 La Liga, Ligue 1 Karim Benzema
89%
Barcelona2015 La Liga Luis Suarez
89%
Chelsea2012 Premier League Didier Drogba
87%
Bayern Munich2020 Bundesliga, La Liga Robert Lewandowski
86%
Liverpool 2019 Premier League Sadio Mane
85%
Real Madrid1998, 2000, 2002 La Liga Raul
83%
Barcelona2006, 2009 Inter 2010 La Liga Samuel Eto'o
82%
Milan2003 Serie A Andriy Shevchenko
70%
Barcelona2009 Premier League Thierry Henry
69%
Juventus1996 Serie A Alessandro Del Piero
68%
Milan 2003, 2007 Serie A Filippo Inzaghi
68%
Man United1999 Premier League Dwight Yorke
63%
Man United2008 Premier League Carlos Tevez
58%
Bayern Munich2013 Bundesliga Mario Gomez
56%
Man United1999 Premier League Andy Cole
55%
Man United 1999 Premier League Teddy Sheringham
46%
Chelsea2021 Ligue 1 Olivier Giroud
44%
Liverpool 2005 Ligue 1 Djibril Cisse
38%
Real Madrid2000 Premier League Nicolas Anelka
32%
Bayern Munich 2001 Bundesliga Giovane Elber
24%
Marseille1993 Ligue 1 Alen Boksic
8%
Borussia Dortmund1997 Bundesliga Heiko Herrlich
1%
No matching quizzes found
Score Distribution
Percent of People with Each Score
Percentile by Number Answered
Your Score History
You have not taken this quiz